[Event "3rd Africa-ch"]
[Site "Abuja NGR"]
[Date "2003.10.13"]
[Round "5"]
[White "Belkacem, Krim"]
[Black "Domingos, Catarino"]
[Result "0-1"]
[WhiteElo "2121"]
[BlackElo "2266"]
[EventDate "2003.10.10"]
[PlyCount "101"]

1.e4 e5 2.Bc4 Nf6 3.d3 Nc6 4.Nf3 Bc5 5.c3 d6 6.Bb3 O-O 7.Nbd2 Be6 8.Nc4 h6
9.O-O Bb6 10.Bc2 Re8 11.Re1 Bxc4 12.dxc4 Nd7 13.a4 a5 14.Rb1 Qf6 15.Be3 
Bxe3 16.Rxe3 Nc5 17.g3 Ne6 18.Kg2 g6 19.h4 Kg7 20.Nh2 Qe7 21.Re1 Rf8 22.
Ng4 Qd8 23.Qd2 Rh8 24.Rh1 Ne7 25.Ne3 Ng8 26.Rbf1 Nf6 27.Qd1 Nc5 28.Qf3 Qd7
29.h5 Nxa4 30.hxg6 fxg6 31.Re1 Nc5 32.Rh4 Raf8 33.Qd1 Qc6 34.f3 Qd7 35.
Reh1 Ne6 36.Qd2 Ng5 37.Qd3 b6 38.Bd1 Ra8 39.Bc2 a4 40.f4 Nf7 41.Nd5 Qd8 
42.Ne3 a3 43.bxa3 Rxa3 44.fxe5 Nxe5 45.Qd2 Ra2 46.Rxh6 Rxh6 47.Rxh6 Nxe4 
48.Rxg6+ Nxg6 49.Qd4+ Nf6 50.Qd3 Qa8+ 51.Nd5 0-1

[Event "3rd Africa-ch"]
[Site "Abuja NGR"]
[Date "2003.10.13"]
[Round "5"]
[White "Bouah, Lyndon"]
[Black "Olape, Bunmi"]
[Result "0-1"]
[WhiteElo "2175"]
[BlackElo "2273"]
[EventDate "2003.10.10"]
[PlyCount "108"]

1.e4 e5 2.Nf3 Nf6 3.Nxe5 d6 4.Nf3 Nxe4 5.d3 Nf6 6.d4 d5 7.Bd3 Be7 8.O-O 
Bg4 9.Re1 O-O 10.Nbd2 c5 11.h3 Bh5 12.dxc5 Bxc5 13.Nb3 Bb6 14.Be3 Nc6 15.
g4 Bg6 16.Bxg6 hxg6 17.Bxb6 Qxb6 18.Nfd4 Rfe8 19.c3 Rxe1+ 20.Qxe1 a5 21.
Nxc6 bxc6 22.Qe3 Qb7 23.Rb1 a4 24.Nc5 Qb5 25.Qd4 Ra5 26.Nd3 c5 27.Qe3 Qc4 
28.a3 d4 29.cxd4 cxd4 30.Qe2 Ra8 31.Rc1 Qb3 32.Qc2 Qb6 33.Qc6 Qd8 34.Rc5 
Rb8 35.Kf1 Nh7 36.Qc7 Qf8 37.Qd7 Rd8 38.Qxa4 Qd6 39.Qc6 Qh2 40.Qg2 Qb8 41.
Qf3 f6 42.Kg2 Ng5 43.Rxg5 fxg5 44.Qe4 Kh7 45.b4 Qb5 46.Kf3 Qc4 47.Qxg6+ 
Kxg6 48.Ne5+ Kf6 49.Nxc4 Rc8 50.Nd2 Ke5 51.a4 Kd5 52.Ke2 Rc3 53.f3 Re3+ 
54.Kf2 Ra3 0-1

[Event "3rd Africa-ch"]
[Site "Abuja NGR"]
[Date "2003.10.13"]
[Round "5"]
[White "Chahrani, Ibrahim"]
[Black "Pitlagano, Tebogo"]
[Result "1-0"]
[WhiteElo "2246"]
[BlackElo "2073"]
[EventDate "2003.10.10"]
[PlyCount "97"]

1.e4 c5 2.Nf3 d6 3.d4 cxd4 4.Nxd4 Nf6 5.Nc3 g6 6.g3 Nc6 7.Bg2 Bd7 8.O-O 
Bg7 9.Nde2 O-O 10.h3 a6 11.a4 Rc8 12.Be3 Ne5 13.b3 Bc6 14.Nd5 Nxd5 15.exd5
Be8 16.Bd4 Nd7 17.Bxg7 Kxg7 18.Nd4 Nf6 19.c4 Bd7 20.Qd2 Rc7 21.Rfe1 Re8 
22.Re2 Qc8 23.Kh2 Ng8 24.Rae1 f5 25.h4 Nf6 26.Rxe7+ Rxe7 27.Rxe7+ Kg8 28.
Bf3 Qd8 29.Re1 Kf7 30.Qb4 Bc8 31.Ne6 Bxe6 32.dxe6+ Ke7 33.Qb6 Qc8 34.Rd1 
Ne8 35.Bd5 Nf6 36.b4 Nxd5 37.cxd5 Rc4 38.Qe3 Qf8 39.Qg5+ Qf6 40.Qh6 Qh8 
41.h5 Qg8 42.Qg5+ Ke8 43.b5 f4 44.gxf4 axb5 45.f5 Kf8 46.f6 Qh8 47.Qh6+ 
Ke8 48.f7+ Kd8 49.Qg5+ 1-0

[Event "3rd Africa-ch"]
[Site "Abuja NGR"]
[Date "2003.10.13"]
[Round "5"]
[White "Chakurira, Svunurai"]
[Black "Mbambara, Tizenge"]
[Result "1/2-1/2"]
[WhiteElo "2205"]
[BlackElo "2100"]
[EventDate "2003.10.10"]
[PlyCount "77"]

1.e4 d6 2.d4 c6 3.Nc3 Nd7 4.Nf3 e5 5.dxe5 dxe5 6.Bc4 Be7 7.O-O b5 8.Bb3 a5
9.a4 b4 10.Ne2 Ngf6 11.Ng3 O-O 12.Re1 Qc7 13.Nf5 Nc5 14.Nxe7+ Qxe7 15.Bg5 
h6 16.Bh4 Rd8 17.Qe2 Nxb3 18.cxb3 g5 19.Bg3 Nd7 20.Rac1 Ba6 21.Qc2 c5 22.
Red1 f6 23.Nd2 Nb6 24.Nc4 Bxc4 25.bxc4 Rxd1+ 26.Rxd1 Rd8 27.b3 Rxd1+ 28.
Qxd1 Qd7 29.Qxd7 Nxd7 30.f3 Nf8 31.Bf2 Ne6 32.Be3 Nd4 33.Bxd4 exd4 34.Kf2 
Kf7 35.g3 Kg6 36.f4 gxf4 37.gxf4 Kh5 38.h3 Kg6 39.Kf3 1/2-1/2

[Event "3rd Africa-ch"]
[Site "Abuja NGR"]
[Date "2003.10.13"]
[Round "5"]
[White "Chumfwa, Stanley"]
[Black "Arab, Adlane"]
[Result "0-1"]
[WhiteElo "2318"]
[BlackElo "2241"]
[EventDate "2003.10.10"]
[PlyCount "74"]

1.e4 c6 2.d4 d5 3.Nd2 dxe4 4.Nxe4 Nd7 5.Ng5 Ngf6 6.Bc4 e6 7.Qe2 Nb6 8.Bd3 
h6 9.N5f3 Qc7 10.Ne5 a6 11.Ngf3 c5 12.dxc5 Bxc5 13.O-O O-O 14.c4 Nbd7 15.
Bf4 Bd6 16.Bg3 Nh5 17.Rfe1 Nxg3 18.hxg3 Nf6 19.Rad1 b6 20.Bb1 Bb4 21.Rf1 
Bb7 22.a3 Bd6 23.Rd4 Rfd8 24.Rh4 Kf8 25.Re1 a5 26.Qe3 Qc5 27.Qf4 Bxf3 28.
gxf3 Bxe5 29.Rxe5 Rd1+ 30.Kg2 Qd6 31.Be4 Rc8 32.Rxh6 Ke7 33.Rh4 Rxc4 34.
Rb5 Qxf4 35.gxf4 Rcc1 36.Rh2 Rg1+ 37.Kh3 Rc8 0-1

[Event "3rd Africa-ch"]
[Site "Abuja NGR"]
[Date "2003.10.13"]
[Round "5"]
[White "Domingos, Ediberto"]
[Black "Henni, Mohamed"]
[Result "0-1"]
[WhiteElo "2200"]
[BlackElo "2273"]
[EventDate "2003.10.10"]
[PlyCount "86"]

1.d4 Nf6 2.c4 g6 3.Nf3 Bg7 4.e3 O-O 5.Be2 d6 6.O-O Nbd7 7.b4 e5 8.dxe5 
dxe5 9.Bb2 Qe7 10.a3 e4 11.Nfd2 Ne5 12.Bd4 b6 13.f4 exf3 14.Bxf3 Bg4 15.c5
Bc8 16.cxb6 Bg4 17.Bxg4 Rad8 18.Ra2 Nfxg4 19.Qc2 Qe6 20.Qb3 Qxb3 21.Nxb3 
Nc4 22.Re2 Rfe8 23.Rfe1 Ngxe3 24.Bxg7 Kxg7 25.N1d2 Kf8 26.Nf3 cxb6 27.a4 
Nd5 28.Rxe8+ Rxe8 29.Rc1 Ne5 30.Nxe5 Rxe5 31.Nd4 Nxb4 32.Rc8+ Kg7 33.Rc7 
a5 34.Rb7 Nd5 35.Rd7 Nc3 36.Nc6 Rf5 37.g4 Rf4 38.Ne5 Nxa4 39.Kg2 Nc5 40.
Ra7 h6 41.Kg3 g5 42.h3 a4 43.Kg2 b5 0-1

[Event "3rd Africa-ch"]
[Site "Abuja NGR"]
[Date "2003.10.13"]
[Round "5"]
[White "El-Taher, Fouad"]
[Black "Kobese, Watu"]
[Result "1/2-1/2"]
[WhiteElo "2505"]
[BlackElo "2404"]
[EventDate "2003.10.10"]
[PlyCount "57"]

1.e4 e5 2.Nf3 Nc6 3.Bb5 a6 4.Ba4 Nf6 5.O-O Be7 6.Re1 b5 7.Bb3 d6 8.c3 O-O 
9.h3 Na5 10.Bc2 c5 11.d4 Qc7 12.Nbd2 Bd7 13.Nf1 Nc4 14.b3 Nb6 15.Ne3 c4 
16.bxc4 bxc4 17.Nh2 g6 18.Qf3 Kg7 19.Rb1 Ng8 20.Qg3 Kh8 21.Ba3 f5 22.Qf3 
Kg7 23.Bc1 Nf6 24.Qg3 Ng8 25.Ba3 Kh8 26.f4 exd4 27.cxd4 fxe4 28.Bxe4 Rae8 
29.Nd5 1/2-1/2

[Event "3rd Africa-ch"]
[Site "Abuja NGR"]
[Date "2003.10.13"]
[Round "5"]
[White "Haddouche, Mohamed"]
[Black "Lungu, Nase"]
[Result "0-1"]
[WhiteElo "2161"]
[BlackElo "2270"]
[EventDate "2003.10.10"]
[PlyCount "140"]

1.e4 c5 2.Nf3 e6 3.d4 cxd4 4.Nxd4 a6 5.c4 Nf6 6.Nc3 Bb4 7.Bd3 Nc6 8.Nc2 
Be7 9.Ne3 d6 10.O-O O-O 11.b3 Rb8 12.a4 Qa5 13.Bd2 Qc7 14.f4 Nd7 15.Re1 
Bf6 16.Bf1 Nc5 17.Qb1 Nd4 18.Ra3 g6 19.b4 Nd7 20.a5 Bg7 21.Kh1 Nc6 22.Qd1 
Nc5 23.Ra1 Nd4 24.Qb1 Bf6 25.Ra3 Nd7 26.Kg1 Bg7 27.Kh1 b6 28.axb6 Nxb6 29.
Qd3 Bb7 30.Rc1 Rfd8 31.Ncd1 Qd7 32.c5 Na8 33.cxd6 Nb5 34.Ra2 Nxd6 35.e5 
Ne4 36.Qxd7 Rxd7 37.Be1 Bh6 38.Bxa6 Bxa6 39.Rxa6 Bxf4 40.Rc4 Bxe3 41.Nxe3 
Nd2 42.Rc2 Ne4 43.Rc4 Nd2 44.Rf4 Rc8 45.Ra1 Nb3 46.Rb1 Nc1 47.Rf1 Nd3 48.
Bg3 Nb6 49.b5 Nd5 50.Nxd5 Rxd5 51.b6 Rb8 52.Rfd1 Rb7 53.Kg1 Kf8 54.Rb3 Nc5
55.Rxd5 Nxb3 56.Rd8+ Kg7 57.Bf2 g5 58.Rc8 h5 59.Rc7 Rb8 60.Ra7 Rd8 61.g3 
Rd5 62.Ra8 Rb5 63.Kf1 Nd2+ 64.Ke2 Nc4 65.Rb8 Nxe5 66.Bd4 Kf6 67.Rg8 Kf5 
68.h4 gxh4 69.gxh4 f6 70.Kd2 Nf3+ 0-1

[Event "3rd Africa-ch"]
[Site "Abuja NGR"]
[Date "2003.10.13"]
[Round "5"]
[White "Simutowe, Amon"]
[Black "Aikhoje, Odion"]
[Result "1-0"]
[WhiteElo "2424"]
[BlackElo "2278"]
[EventDate "2003.10.10"]
[PlyCount "49"]

1.c4 Nf6 2.Nc3 c5 3.Nf3 Nc6 4.d4 g6 5.e4 cxd4 6.Nxd4 d6 7.Be2 Bg7 8.Be3 
Bd7 9.O-O O-O 10.Nc2 Qa5 11.f4 Be6 12.Rb1 Rfc8 13.Kh1 Nb4 14.Na3 Nd7 15.
Bd2 Nc5 16.f5 Bxc3 17.Bxc3 Nxe4 18.fxe6 fxe6 19.Bxb4 Qxb4 20.Bg4 Qd2 21.
Bxe6+ Kh8 22.Bxc8 Nf2+ 23.Rxf2 Qxf2 24.Bxb7 Rb8 25.Qf3 1-0

[Event "3rd Africa-ch"]
[Site "Abuja NGR"]
[Date "2003.10.13"]
[Round "5"]
[White "Van den Heever, Donovan"]
[Black "Tandala Campos, Eugenio"]
[Result "0-1"]
[WhiteElo "2035"]
[BlackElo "2249"]
[EventDate "2003.10.10"]
[PlyCount "81"]

1.e4 c5 2.Nf3 d6 3.c3 Nf6 4.Be2 Nc6 5.d4 cxd4 6.cxd4 g6 7.Nc3 Bg7 8.O-O 
O-O 9.h3 a6 10.Bg5 h6 11.Be3 d5 12.e5 Ne4 13.Rc1 Be6 14.Na4 Rc8 15.Nd2 Rc7
16.Bd3 Nxd2 17.Qxd2 Bc8 18.Rc2 Kh7 19.Rfc1 f5 20.exf6 exf6 21.Nb6 f5 22.
Rc5 f4 23.Bxf4 Rcf7 24.Nxd5 Be6 25.Bc7 Qh4 26.Bg3 Qxd4 27.Qe3 Qxe3 28.Nxe3
Bxb2 29.Rxc6 bxc6 30.Rxc6 Re8 31.Rxa6 Bd4 32.Nc2 Bc5 33.Rc6 Ba7 34.h4 Bf5 
35.Bxf5 gxf5 36.Bf4 Re2 37.Rxh6+ Kg7 38.Ne3 Bb8 39.Bxb8 Kxh6 40.Bf4+ Kh7 
41.g3 0-1

[Event "3rd Africa-ch"]
[Site "Abuja NGR"]
[Date "2003.10.14"]
[Round "6"]
[White "Aikhoje, Odion"]
[Black "Tandala Campos, Eugenio"]
[Result "0-1"]
[WhiteElo "2278"]
[BlackElo "2249"]
[EventDate "2003.10.10"]
[PlyCount "136"]

1.Nf3 c5 2.c3 Nf6 3.d4 e6 4.Bg5 d5 5.Nbd2 Nbd7 6.e3 Be7 7.Bd3 h6 8.Bf4 a6 
9.Ne5 Nxe5 10.dxe5 Nd7 11.Qh5 Qb6 12.Rb1 Nf8 13.h4 g6 14.Qg4 Bd7 15.h5 g5 
16.Bg3 O-O-O 17.O-O Nh7 18.Bxh7 Rxh7 19.c4 Bc6 20.cxd5 Bxd5 21.Nc4 Qc6 22.
f3 Kb8 23.b3 Rhh8 24.Rfc1 Bxc4 25.Rxc4 Rd2 26.a4 Rhd8 27.Be1 Rd1 28.Rcc1 
Rxc1 29.Rxc1 Rd3 30.Qc4 Qd5 31.Qxd5 exd5 32.Rc3 Rd1 33.Kf2 c4 34.bxc4 Bb4 
35.cxd5 Rxe1 36.Rc4 Rb1 37.d6 Ba5 38.f4 Rb4 39.Rc5 Bb6 40.d7 Rxf4+ 41.Ke2 
Re4 42.Rc8+ Ka7 43.d8=Q Bxd8 44.Rxd8 Rxe5 45.Rd7 f5 46.Rd6 f4 47.Rxh6 
Rxe3+ 48.Kf2 g4 49.Rf6 g3+ 50.Kf1 Re4 51.h6 Rxa4 52.h7 Ra1+ 53.Ke2 Rh1 54.
Rf7 a5 55.Kd3 Ka6 56.Kc4 f3 57.Rxf3 Rxh7 58.Rxg3 Rh4+ 59.Kb3 a4+ 60.Ka3 
Re4 61.Rg8 Ka5 62.g4 Re3+ 63.Kb2 Kb4 64.g5 Re2+ 65.Kc1 a3 66.g6 a2 67.Ra8 
Kb3 68.g7 Rg2 0-1

[Event "3rd Africa-ch"]
[Site "Abuja NGR"]
[Date "2003.10.14"]
[Round "6"]
[White "Bouah, Lyndon"]
[Black "Haddouche, Mohamed"]
[Result "0-1"]
[WhiteElo "2175"]
[BlackElo "2161"]
[EventDate "2003.10.10"]
[PlyCount "107"]

1.e4 e5 2.Nf3 Nc6 3.Bb5 a6 4.Ba4 Nf6 5.O-O Be7 6.Re1 b5 7.Bb3 d6 8.c3 O-O 
9.h3 Nb8 10.d4 Nbd7 11.a4 Bb7 12.Nbd2 c5 13.d5 c4 14.Bc2 Nc5 15.axb5 axb5 
16.Rxa8 Qxa8 17.Nf1 Rb8 18.Ng3 Bc8 19.Be3 Na6 20.Nd2 Bd7 21.Qf3 g6 22.Bg5 
Kg7 23.Be3 Qb7 24.Qe2 h5 25.f4 exf4 26.Bxf4 h4 27.Ngf1 Nh5 28.Bh2 Qxd5 29.
exd5 Bf6 30.Kh1 Ng3+ 31.Bxg3 hxg3 32.Ne3 Rc8 33.Ng4 Rh8 34.Ne3 Bg5 35.Nef1
Bf4 36.Nf3 Nc5 37.Ng1 Rg8 38.Qe4 Re8 39.Nf3 Ra8 40.Nd4 Ra2 41.Rb1 Nd3 42.
Ne2 Bh6 43.Nfxg3 Nxb2 44.Nd4 Nd3 45.Nge2 Bd2 46.Kh2 b4 47.cxb4 Nxb4 48.Rd1
Be3 49.Bb1 Rb2 50.Nc3 Nd3 51.Nc2 Bf4+ 52.Kg1 Be5 53.Ne2 Ba4 54.Rxd3 0-1

[Event "3rd Africa-ch"]
[Site "Abuja NGR"]
[Date "2003.10.14"]
[Round "6"]
[White "Cochrane, John Miles"]
[Black "Belkacem, Krim"]
[Result "1/2-1/2"]
[WhiteElo "2206"]
[BlackElo "2121"]
[EventDate "2003.10.10"]
[PlyCount "106"]

1.e4 c5 2.Nf3 a6 3.Nc3 d6 4.g3 Nc6 5.Bg2 g6 6.O-O Bg7 7.d3 e6 8.Be3 Nge7 
9.d4 cxd4 10.Nxd4 O-O 11.b3 Qc7 12.Nce2 b5 13.Rc1 Ne5 14.h3 Bb7 15.Qd2 d5 
16.f4 Nd7 17.e5 Rac8 18.Kh2 Rfe8 19.h4 h5 20.Rfd1 Bh6 21.Ra1 Nb6 22.Qa5 
Nd7 23.Qxc7 Rxc7 24.Bf2 Rec8 25.Be1 Nb8 26.Ba5 Rd7 27.a4 bxa4 28.Rxa4 Nbc6
29.Bh3 Nxd4 30.Nxd4 Nf5 31.Bxf5 gxf5 32.Bb4 Rdc7 33.Bd6 Rd7 34.c4 dxc4 35.
bxc4 Be4 36.c5 Rb7 37.Ra2 Bd5 38.Rad2 Bf8 39.Rc1 f6 40.Nxf5 fxe5 41.fxe5 
Rf7 42.Bxf8 Rxf5 43.Bd6 Rf3 44.Ra1 Ra8 45.Ra4 Rf1 46.g4 Rh1+ 47.Kg3 Rg1+ 
48.Kh3 Kh7 49.Rf2 Rh1+ 50.Rh2 Rf1 51.Rb2 Ra7 52.Rd4 Rh1+ 53.Rh2 Rg1 
1/2-1/2

[Event "3rd Africa-ch"]
[Site "Abuja NGR"]
[Date "2003.10.14"]
[Round "6"]
[White "El-Gindy, Essam"]
[Black "Simutowe, Amon"]
[Result "1-0"]
[WhiteElo "2501"]
[BlackElo "2424"]
[EventDate "2003.10.10"]
[PlyCount "57"]

1.d4 Nf6 2.c4 e6 3.Nc3 Bb4 4.Qc2 O-O 5.e4 d5 6.e5 Ne4 7.a3 Bxc3+ 8.bxc3 c5
9.Bd3 Qa5 10.Ne2 cxd4 11.cxd5 exd5 12.f3 Nxc3 13.Nxd4 Ne4+ 14.Ke2 Qc3 15.
Bxe4 Qxa1 16.Bxh7+ Kh8 17.Rd1 Nc6 18.Bb2 Qa2 19.Nb3 g6 20.Bxg6 fxg6 21.e6+
Kh7 22.Rxd5 Rf6 23.Rh5+ Kg8 24.Rh8+ Kxh8 25.Bxf6+ Kh7 26.Qxa2 Bxe6 27.Qc2 
Rf8 28.Bb2 Re8 29.Kf2 1-0

[Event "3rd Africa-ch"]
[Site "Abuja NGR"]
[Date "2003.10.14"]
[Round "6"]
[White "Tefera, Wossenyelew Haily"]
[Black "Khaled, Aoudia"]
[Result "0-1"]
[WhiteElo "2211"]
[BlackElo "2156"]
[EventDate "2003.10.10"]
[PlyCount "111"]

1.d4 Nf6 2.c4 c5 3.d5 b5 4.Nc3 b4 5.Na4 e6 6.Bg5 Bb7 7.e4 h6 8.Bxf6 Qxf6 
9.Nf3 d6 10.Bd3 Nd7 11.dxe6 fxe6 12.O-O Be7 13.Bc2 O-O 14.Qd3 e5 15.b3 Qg6
16.Nd2 Nf6 17.g3 Qh5 18.Bd1 Qh3 19.Bf3 Bc8 20.a3 Ng4 21.Bxg4 Bxg4 22.axb4 
cxb4 23.f3 Be6 24.Rf2 Qh5 25.Nf1 Kh8 26.Qe2 Qg6 27.Qd2 h5 28.Qe2 Bd7 29.
Ne3 Bc6 30.Nf5 Rxf5 31.exf5 Qxf5 32.Nb2 Bd8 33.Qd3 Qf6 34.Rd1 Bb6 35.Rd2 
Rf8 36.Nd1 Bxf2+ 37.Nxf2 Bxf3 38.Qxd6 Qf5 39.Qxb4 h4 40.Qe7 hxg3 41.hxg3 
Bc6 42.c5 Kg8 43.Qd6 Rf6 44.Qd8+ Kh7 45.Qd3 e4 46.Qe3 Rh6 47.Rd6 Rxd6 48.
cxd6 Qe6 49.Nxe4 Kg8 50.Qd4 Bd5 51.Kf2 Kf8 52.Nc3 Bc6 53.Qf4+ Ke8 54.Na4 
Qxb3 55.Qe5+ Kf8 56.Qf4+ 0-1

[Event "3rd Africa-ch"]
[Site "Abuja NGR"]
[Date "2003.10.14"]
[Round "6"]
[White "Henni, Mohamed"]
[Black "Akintola, Fola"]
[Result "0-1"]
[WhiteElo "2273"]
[BlackElo "2256"]
[EventDate "2003.10.10"]
[PlyCount "108"]

1.e4 c5 2.Nc3 e6 3.g3 d5 4.d3 Nf6 5.e5 Nfd7 6.f4 Nc6 7.Nf3 b6 8.Bh3 Bb7 9.
O-O g6 10.Qe2 Be7 11.Nd1 Qc7 12.c3 O-O-O 13.Nf2 h6 14.Bd2 Rdg8 15.d4 Qd8 
16.Rfc1 Kb8 17.Be3 g5 18.f5 exf5 19.Bxf5 Nf8 20.Rd1 Ne6 21.dxc5 bxc5 22.
Qb5 a6 23.Qa4 h5 24.Be4 Na7 25.c4 dxe4 26.Rxd8+ Rxd8 27.Nd2 Nc6 28.Ndxe4 
Nxe5 29.Rd1 f5 30.Nc3 f4 31.Bc1 Nf3+ 32.Kg2 Ne5+ 33.Nd5 Nxc4 34.Qxc4 Nc7 
35.gxf4 Nxd5 36.Kf1 gxf4 37.Re1 Rhf8 38.Ke2 Bg5 39.Qxc5 Be7 40.Qd4 Ne3 41.
Qe5+ Bd6 42.Qg5 Bc7 43.Nd3 Rfe8 44.Qxh5 Re7 45.Qg5 Ree8 46.Qh5 Ng2+ 47.Kf2
Nxe1 48.Nxe1 Rf8 49.h4 Bb6+ 50.Kf1 f3 51.Qg6 Ka7 52.Bg5 Rd1 53.Qh5 a5 54.
Be7 Ba6+ 0-1

[Event "3rd Africa-ch"]
[Site "Abuja NGR"]
[Date "2003.10.14"]
[Round "6"]
[White "Sebih, Kamel"]
[Black "Ezat, Mohamed"]
[Result "1/2-1/2"]
[WhiteElo "2077"]
[BlackElo "2405"]
[EventDate "2003.10.10"]
[PlyCount "138"]

1.d4 Nf6 2.c4 g6 3.Nc3 Bg7 4.e4 d6 5.f3 O-O 6.Be3 Nc6 7.Nge2 a6 8.Qd2 Rb8 
9.Nc1 e5 10.Nb3 exd4 11.Nxd4 Ne5 12.Be2 c5 13.Nc2 Be6 14.Na3 Nc6 15.Nc2 
Ne5 16.Na3 Nc6 17.Nc2 Ne8 18.O-O Qa5 19.a4 Ne5 20.Nb1 Nc6 21.Nc3 Ne5 22.
Nd5 Qxd2 23.Bxd2 f5 24.exf5 Bxd5 25.cxd5 gxf5 26.a5 Nc7 27.Bc3 Nb5 28.Rab1
Nxc3 29.bxc3 Nd7 30.Rb3 b5 31.axb6 Rxb6 32.Rxb6 Nxb6 33.Bxa6 Bxc3 34.Rb1 
Nd7 35.f4 Nf6 36.Bd3 Kg7 37.Bc4 Bb4 38.Ra1 Re8 39.g3 Re7 40.Ra6 Ne4 41.Bd3
Nf6 42.Rxd6 c4 43.Nxb4 cxd3 44.Nxd3 Re2 45.Nc5 Rd2 46.Ne6+ Kf7 47.Ng5+ Kg7
48.Ne6+ Kf7 49.Nc7 Ng4 50.Rd7+ Kg6 51.Ne6 Nxh2 52.Nf8+ Kf6 53.Nxh7+ Kg6 
54.Ng5 Ng4 55.d6 Rd3 56.Rd8 Rxg3+ 57.Kf1 Rd3 58.Ke2 Rd5 59.Nf3 Kf6 60.Nh4 
Ke6 61.Rf8 Nf6 62.Nf3 Rxd6 63.Ng5+ Ke7 64.Rf7+ Ke8 65.Ra7 Rd4 66.Ke3 Rd1 
67.Ra5 Nd5+ 68.Kf3 Rd3+ 69.Kf2 Nxf4 1/2-1/2

[Event "3rd Africa-ch"]
[Site "Abuja NGR"]
[Date "2003.10.14"]
[Round "6"]
[White "Kobese, Watu"]
[Black "Adly, Ahmed"]
[Result "0-1"]
[WhiteElo "2404"]
[BlackElo "2448"]
[EventDate "2003.10.10"]
[PlyCount "52"]

1.e4 c5 2.Nf3 d6 3.d4 cxd4 4.Nxd4 Nf6 5.Nc3 a6 6.Bc4 e6 7.Bb3 Nc6 8.Be3 
Be7 9.f4 O-O 10.Qf3 Qc7 11.Rg1 Nxd4 12.Bxd4 e5 13.Bf2 Bg4 14.Qg3 Rac8 15.
h3 Be6 16.f5 Bxb3 17.cxb3 d5 18.exd5 Qa5 19.Qxe5 Rfe8 20.O-O-O Ba3 21.Qd4 
Rxc3+ 22.Kb1 Bxb2 23.Be1 Re2 24.Bd2 Ne4 25.Kxb2 Nxd2 26.Qa4 Nxb3+ 0-1

[Event "3rd Africa-ch"]
[Site "Abuja NGR"]
[Date "2003.10.14"]
[Round "6"]
[White "Lungu, Nase"]
[Black "Abdelnabbi, Imed"]
[Result "0-1"]
[WhiteElo "2270"]
[BlackElo "2484"]
[EventDate "2003.10.10"]
[PlyCount "78"]

1.Nf3 d5 2.d4 c6 3.c4 e6 4.Nc3 dxc4 5.g3 b5 6.Bg2 Bb7 7.O-O Nf6 8.Ne5 Qb6 
9.e4 Be7 10.Be3 Qd8 11.f4 Nbd7 12.a4 a6 13.axb5 axb5 14.Rxa8 Bxa8 15.Nxd7 
Qxd7 16.g4 Qd8 17.g5 Nd7 18.Qg4 b4 19.Ne2 c5 20.f5 exf5 21.exf5 Bxg2 22.
Qxg2 O-O 23.f6 Bd6 24.fxg7 Re8 25.dxc5 Bxc5 26.Bxc5 Nxc5 27.Nf4 Qd4+ 28.
Kh1 Qe4 29.Qxe4 Rxe4 30.Nd5 Kxg7 31.Nxb4 Na4 32.Rb1 Re2 33.Rc1 Nxb2 34.Nc6
Kg6 35.Na5 Re5 36.Nb7 Re3 37.Rc2 c3 38.Nd6 Nd1 39.Nc4 Re4 0-1

[Event "3rd Africa-ch"]
[Site "Abuja NGR"]
[Date "2003.10.14"]
[Round "6"]
[White "Pitlagano, Tebogo"]
[Black "Aderito, Pedro"]
[Result "1/2-1/2"]
[WhiteElo "2073"]
[BlackElo "2285"]
[EventDate "2003.10.10"]
[PlyCount "293"]

1.e4 c5 2.Nf3 d6 3.c3 Nf6 4.Be2 Nbd7 5.d3 g6 6.Nbd2 Bg7 7.d4 Qc7 8.O-O O-O
9.Re1 Nb8 10.h3 Nc6 11.a3 e5 12.d5 Ne7 13.c4 h6 14.Qc2 Nh7 15.Nf1 f5 16.
Bd3 Kh8 17.b4 b6 18.Bd2 Nf6 19.Ng3 f4 20.Ne2 g5 21.Nc3 Ng6 22.Kf1 Nh7 23.
Ke2 h5 24.Rh1 Qe7 25.Rag1 Kg8 26.Kd1 Bd7 27.Ne1 cxb4 28.axb4 Rfc8 29.Qb3 
Kh8 30.f3 a6 31.Nc2 Nh4 32.Ke2 Bf6 33.Be1 g4 34.hxg4 hxg4 35.b5 a5 36.Na4 
Rab8 37.Bf2 Qd8 38.Na3 g3 39.Be1 Kg7 40.Nb1 Qe7 41.Bc3 Nf8 42.Bb2 Nfg6 43.
Nd2 Rh8 44.Qd1 Qf8 45.Nb3 Bd8 46.Kd2 Rc8 47.Bf1 Qf6 48.Qe2 Kf7 49.Na1 Nf8 
50.Nc2 Nh7 51.Ba3 Ng5 52.Ne1 Bc7 53.Kc3 Rh7 54.Kb3 Rch8 55.Bb2 Qg7 56.Nd3 
Ng6 57.Rxh7 Rxh7 58.Qe1 Rh2 59.Be2 Qh7 60.Bf1 Rh1 61.Rxh1 Qxh1 62.Qe2 Qg1 
63.Nc3 Nh4 64.Ne1 Ke7 65.Na2 Be8 66.Nc3 Bh5 67.Nb1 Nf7 68.Nc3 Nd8 69.Ba3 
Nb7 70.Nd3 Kf7 71.Na4 Kg6 72.Ne1 Kg5 73.Kc2 Bg6 74.Bb2 Nd8 75.Nc3 Nf7 76.
Ba3 Bh5 77.Bc1 Kg6 78.Nb1 Ng5 79.Nd2 Nh7 80.Nb1 Nf6 81.Nc3 Kg5 82.Ba3 Bg6 
83.Kd2 Nd7 84.Na4 Qd4+ 85.Qd3 Qg1 86.Qe2 Bh5 87.Kc2 Kh6 88.Kd2 Ng6 89.Qd3 
Nh8 90.Qe2 Nf7 91.Qd3 Bg6 92.Qe2 Bd8 93.Nd3 Qd4 94.Nb2 Bg5 95.Kc2 Nf6 96.
Qe1 Qg1 97.Na4 Nd7 98.Qe2 Be7 99.Bc1 Ng5 100.Nc3 Qd4 101.Ne1 Nc5 102.Ba3 
Bh5 103.Qd1 Qg1 104.Bxc5 Qxc5 105.Nd3 Qd4 106.Be2 Bg6 107.Kb3 Kg7 108.Qf1 
Bf6 109.Bd1 Nh7 110.Nb1 Nf8 111.Na3 Nd7 112.Nc2 Nc5+ 113.Nxc5 Qxc5 114.Be2
Be8 115.Bd3 Bd7 116.Qh1 Qf2 117.Kc3 Kg6 118.Qf1 Qc5 119.Kd2 Bh4 120.Qe1 a4
121.Bf1 Bg5 122.Kc1 Qg1 123.Kb2 Qf2 124.Qxf2 gxf2 125.Nb4 Kh5 126.Nd3 Kh4 
127.Nc1 Kg3 128.Ne2+ Kh2 129.Ka3 Be8 130.Kxa4 Bg6 131.Kb3 Kh1 132.Kc2 Kh2 
133.Kd3 Be8 134.Nc1 Kg1 135.Ke2 Bh4 136.Nd3 Bd7 137.Nb4 Bd8 138.Na2 Be8 
139.Nc1 Bd7 140.Nb3 Be8 141.Nd2 Bd7 142.Nb3 Be8 143.Nc1 Bd7 144.Nd3 Bh4 
145.Nb4 Bd8 146.Nd3 Bh4 147.Nb4 1/2-1/2

[Event "3rd Africa-ch"]
[Site "Abuja NGR"]
[Date "2003.10.14"]
[Round "6"]
[White "Shebsh, Abdullatief Mohamed"]
[Black "Molale, Ofentse"]
[Result "1/2-1/2"]
[WhiteElo "2161"]
[BlackElo "2181"]
[EventDate "2003.10.10"]
[PlyCount "66"]

1.e4 e5 2.Nf3 Nf6 3.Nxe5 d6 4.Nf3 Nxe4 5.d4 d5 6.Bd3 Nc6 7.O-O Be7 8.c4 
Nb4 9.Be2 Be6 10.a3 Nc6 11.cxd5 Bxd5 12.Nc3 Nxc3 13.bxc3 O-O 14.Be3 Na5 
15.Nd2 b6 16.c4 Bb7 17.Nb3 Nxb3 18.Qxb3 Bf6 19.Rad1 Be4 20.Bd3 Re8 21.Qc2 
Bxd3 22.Qxd3 Qd7 23.h3 Rad8 24.Qc2 Qe7 25.Qa4 h6 26.c5 Qd7 27.Qxa7 bxc5 
28.Qxc5 Be7 29.Qc3 Ra8 30.Bc1 Ra4 31.Rfe1 Rea8 32.d5 Bxa3 33.Bxa3 Rxa3 
1/2-1/2

[Event "3rd Africa-ch"]
[Site "Abuja NGR"]
[Date "2003.10.15"]
[Round "7"]
[White "Abera, Yimam Belachew"]
[Black "Bouah, Lyndon"]
[Result "0-1"]
[WhiteElo "2200"]
[BlackElo "2175"]
[EventDate "2003.10.10"]
[PlyCount "62"]

1.e4 Nf6 2.e5 Nd5 3.d4 d6 4.c4 Nb6 5.f4 dxe5 6.fxe5 c5 7.d5 e6 8.Nc3 Qh4+ 
9.g3 Qd4 10.Qe2 a6 11.Nf3 Qg4 12.Bf4 Be7 13.d6 Bd8 14.h4 Bd7 15.Bh3 Qg6 
16.Ne4 Na4 17.Nfd2 f5 18.exf6 O-O 19.b3 e5 20.Bxe5 Bxh3 21.Rxh3 Qf5 22.f7+
Rxf7 23.Nf2 Nc6 24.Bf4 Bf6 25.Rc1 Nc3 26.Qd3 Qe6+ 27.Kf1 Re8 28.Rxc3 Bxc3 
29.Qxc3 Qe1+ 30.Kg2 Re2 31.Ne4 Rxf2+ 0-1

[Event "3rd Africa-ch"]
[Site "Abuja NGR"]
[Date "2003.10.15"]
[Round "7"]
[White "Adly, Ahmed"]
[Black "Chahrani, Ibrahim"]
[Result "1/2-1/2"]
[WhiteElo "2448"]
[BlackElo "2246"]
[EventDate "2003.10.10"]
[PlyCount "72"]

1.d4 d6 2.Nf3 f5 3.g3 Nf6 4.Bg2 g6 5.O-O Bg7 6.c3 O-O 7.Qb3+ e6 8.Nbd2 Qe7
9.Ne1 d5 10.Nd3 b6 11.f3 Bb7 12.Re1 c5 13.Qa3 Na6 14.e4 fxe4 15.fxe4 dxe4 
16.Nxe4 Nxe4 17.Bxe4 Bxe4 18.Rxe4 Qb7 19.Rxe6 cxd4 20.Bd2 Nc5 21.Nxc5 bxc5
22.Qb3 Qxb3 23.axb3 Rf3 24.Rea6 Rd3 25.Be1 dxc3 26.Bxc3 Bxc3 27.bxc3 Rxc3 
28.Rxa7 Rxa7 29.Rxa7 Rxb3 30.Rc7 Rc3 31.Kg2 c4 32.Kh3 Rc2 33.Kg4 h6 34.Kf4
c3 35.Ke5 Rxh2 36.Kf6 c2 1/2-1/2

[Event "3rd Africa-ch"]
[Site "Abuja NGR"]
[Date "2003.10.15"]
[Round "7"]
[White "Adu, Oladapo"]
[Black "Aikhoje, Odion"]
[Result "1-0"]
[WhiteElo "2268"]
[BlackElo "2278"]
[EventDate "2003.10.10"]
[PlyCount "143"]

1.e4 e6 2.d3 d5 3.Nd2 c5 4.Ngf3 Nc6 5.g3 Nf6 6.Bg2 Be7 7.O-O h6 8.c3 b6 9.
Re1 O-O 10.e5 Nd7 11.h4 Qc7 12.Qe2 f6 13.exf6 Nxf6 14.Bh3 Nd8 15.Ne5 Bd6 
16.Ndf3 Nf7 17.Bf4 Nh5 18.Bd2 Nxe5 19.Nxe5 Nf6 20.Bf4 Re8 21.g4 Nd7 22.g5 
Nxe5 23.Bxe5 Bxe5 24.Qxe5 Qxe5 25.Rxe5 hxg5 26.hxg5 Rf8 27.Rae1 Rf3 28.Kg2
Rxd3 29.g6 Bd7 30.Bxe6+ Bxe6 31.Rxe6 Rf8 32.R1e2 Rdf3 33.Rd6 R3f6 34.Rde6 
Rd8 35.Rxf6 gxf6 36.Re7 d4 37.cxd4 cxd4 38.Kf1 a5 39.Ke2 Rd6 40.Kd3 f5 41.
g7 Rd5 42.b3 a4 43.b4 Rd8 44.a3 Kh7 45.f4 Kg8 46.Ra7 Re8 47.Kxd4 Re4+ 48.
Kd5 Rxf4 49.Ke5 Rc4 50.b5 Kh7 51.Kf6 Rg4 52.Kxf5 Rg3 53.Rxa4 Rf3+ 54.Ke4 
Rb3 55.Rb4 Rxa3 56.Kd5 Rg3 57.Re4 Kxg7 58.Kc6 Rg6+ 59.Kc7 Kf6 60.Re8 Kf7 
61.Re1 Rh6 62.Kb7 Rg6 63.Rc1 Ke8 64.Rc6 Rg7+ 65.Kxb6 Kd8 66.Ka6 Rh7 67.b6 
Rh1 68.Kb7 Rd1 69.Rc4 Rd2 70.Ra4 Rd7+ 71.Ka8 Kc8 72.Rc4+ 1-0

[Event "3rd Africa-ch"]
[Site "Abuja NGR"]
[Date "2003.10.15"]
[Round "7"]
[White "Khaled, Aoudia"]
[Black "Agnelo, Amorim"]
[Result "1/2-1/2"]
[WhiteElo "2156"]
[BlackElo "2254"]
[EventDate "2003.10.10"]
[PlyCount "66"]

1.Nf3 Nf6 2.c4 g6 3.Nc3 Bg7 4.g3 O-O 5.Bg2 d6 6.O-O c5 7.d4 Nbd7 8.b3 a6 
9.Bb2 Rb8 10.dxc5 Nxc5 11.b4 Ncd7 12.Rc1 Nb6 13.Nd2 Be6 14.c5 dxc5 15.bxc5
Nbd7 16.Nb3 Bxb3 17.Qxb3 Nxc5 18.Qb4 Nfd7 19.Nd5 a5 20.Qb5 Bxb2 21.Qxb2 b6
22.Rfd1 e6 23.Ne3 Qf6 24.Qb5 Rfd8 25.Rd6 Qe7 26.Rcd1 Nf6 27.Rxd8+ Rxd8 28.
Qxb6 Rxd1+ 29.Nxd1 a4 30.Nc3 Nfd7 31.Qb4 Qd6 32.h3 Kg7 33.Kh2 Nb6 1/2-1/2